00471nam a2200169 450000500170000001000150001702000260003203500140005803700130007208200120008510000180009724500430011526000350015827000650019330000240025850000190028220191101112004.0 aENG-126775 a9789383613229c750.00 aEN-110307 bDBAD/PUB a658.300 aMathur, Akhil aManpower management /cby Akhil Mathur aDelhibDeshraj and Sons c2018 aN-67, IIIrd Floor, Gali No.4 bNavin Shahdara, Delhie110032 avii;256p.c22cm(Hb) aIncludes index